DC Comics Villains - Sudden Death - Statistics

General Stats
  • This quiz has been taken 952 times
  • The average score is 11 of 17
Answers on the Grid
Answers color-coded by a green-red scale on the quiz's grid according to % correct below.
The Joker
Dr. Octopus
Lex Luthor
The Penguin
Doctor Doom
Darkseid
Harley Quinn
Apocalpyse
Sinestro
Brainiac
Kingpin
Mystique
Bizarro
Scarecrow
Kang the Conqueror
Red Skull
Cheetah
Galactus
Green Goblin
Mister Sinister
Captain Cold
Black Manta
Venom
Giganta
Gorilla Grodd
Ultron
Solomon Grundy
Thanos
Mephisto
Amazo
Deathstroke
Carnage
 
Answer Stats
Answer % Correct
The Joker
99%
Lex Luthor
85%
The Penguin
81%
Harley Quinn
79%
Darkseid
75%
Brainiac
67%
Bizarro
65%
Scarecrow
63%
Sinestro
62%
Cheetah
59%
Gorilla Grodd
58%
Captain Cold
56%
Deathstroke
55%
Black Manta
54%
Solomon Grundy
52%
Amazo
43%
Giganta
39%
No matching quizzes found
Score Distribution
Percent of People with Each Score
Percentile by Number Answered
Your Score History
You have not taken this quiz